| 000 | 01132nam a2200253Ia 4500 | ||
|---|---|---|---|
| 003 | OSt | ||
| 005 | 20210601124918.0 | ||
| 008 | 210310s2013 cl ad gr 000 0 spa d | ||
| 020 | _a9783659051395 | ||
| 040 |
_aCO-JMCR _cCO-JMCR |
||
| 041 | 0 | _aspa | |
| 082 | 0 | 4 |
_a330.98049 / _bS715g _223 |
| 100 | 1 |
_aSosa Clavijo, Silvana _eautor _926267 |
|
| 245 | 0 |
_aLa gran depresión vs la crisis global de 2008 en América Latina : _bun análisis económico-comparativo / _cSilvana Sosa Clavijo |
|
| 260 |
_aSantiago de Chile : _bAcademia española, _c2013. |
||
| 300 |
_a181 páginas : _bilustraciones y gráficas en blanco y negro ; _c22 cm. |
||
| 501 | _aCon. notas a pie de página. | ||
| 504 | _aBibliografía: páginas 175-180 | ||
| 505 | 0 | _aMarco teórico y aspectos metodológicos: la transmisión de la crisis.-- La primera crisis global del siglo XXI.-- La vulnerabilidad latinoamericana: entonces y ahora. -- | |
| 650 | 1 | 4 |
_aCrisis económica _zLatino América _938038 |
| 650 | 2 | 4 |
_aAspectos metodológicos _xEconomía _zLatino América _938039 |
| 650 | 2 | 4 |
_aCanal financiero _zLatino América _938040 |
| 942 |
_2ddc _cBK |
||
| 999 |
_c11716 _d11716 |
||